| 000 | 01101nam a2200253 a 4500 | ||
|---|---|---|---|
| 008 | 060518s2006 ||||||||||||||||| || u | ||
| 020 | _a082136314X | ||
| 050 | _aHF 1385 Pov | ||
| 100 | _aWinters, L. Alan | ||
| 245 | 1 | 0 |
_aPoverty and the WTO: impacts of the DOHA development agenda _cedited by Thomas W. Hertel; L. Alan Winters |
| 260 |
_aWashington, D. C. _bWorld Bank _c2006 |
||
| 300 | _axxi; 537p.; ill. | ||
| 350 | _a0.00 | ||
| 490 | _aTrade and development series | ||
| 500 | _aA copublication of Palgrave Macmillan and the World Bank. | ||
| 650 | 0 | _aDEVELOPING COUNTRIES--ECONOMIC CONDITIONS | |
| 650 | 0 | _aDEVELOPING COUNTRIES - ECONOMIC POLICY | |
| 650 | 0 | _aINTERNATIONAL ECONOMIC RELATIONS--HANDBOOKS, MANUALS, E.T.C | |
| 650 | _aPOOR--RESEARCH--DEVELOPING COUNTRIES | ||
| 650 | _aPOVERTY--DEVELOPING COUNTRIES | ||
| 650 | _aWORLD TRADE ORGANIZATION--DEVELOPING COUNTRIES | ||
| 700 | _aHertel, Thomas W | ||
| 995 |
_D0.00 _FCBU-MAIN LIBRARY (Kitwe) _H1 _I0.00 _M1 _UAVAILABLE _WMay 18, 2006 _ZMain Library Open Access Collection |
||
| 999 |
_c54110 _d54110 |
||